| 000 | 00625nam a2200217 i 4500 | ||
|---|---|---|---|
| 001 | 19157 | ||
| 003 | ES-MaACL | ||
| 005 | 20240423123209.0 | ||
| 007 | t| | ||
| 008 | 020626s2001 sp a |||| | spa d | ||
| 020 | _a84-8109-060-3 | ||
| 080 | _a398.8(460.35)(091) | ||
| 100 | 1 |
_aGrande, Félix, _d1937-2014 _959584 |
|
| 245 | 1 | 0 |
_aMemoria del flamenco / _cFélix Grande. |
| 260 |
_aBarcelona : _bGalaxia Gutenberg, _c[2001] |
||
| 300 |
_a518 p. : _bil. ; _c27 cm. |
||
| 650 | 1 | 4 |
_aCante flamenco- _xHistoria. _910751 |
| 650 | 4 |
_aCantaores. _9151289 |
|
| 852 |
_aES-MaACL _jL-25592 |
||
| 999 |
_c19157 _d19157 |
||